| 000 | 00753cam a22002531 4500 | ||
|---|---|---|---|
| 001 | 18249 | ||
| 003 | BD-RjUL | ||
| 005 | 20211209000246.0 | ||
| 008 | 140220s1950 e 000 0 eng | ||
| 035 | _a(BD-RjUL)18307 | ||
| 035 | _a(OCoLC)942750 | ||
| 040 |
_aDLC _cOClU _dUk _dDLC _dBD-RjUL _beng |
||
| 041 | _aeng | ||
| 082 | 0 | 0 |
_a192.9 _bMIM 1950 |
| 100 | 1 |
_aMill, John Stuart, _d1806-1873. _956181 |
|
| 245 | 1 | 0 |
_aMill on Bentham and Coleridge / _cwith an introd. by F. R. Leavis. |
| 260 |
_aLondon : _bChatto & Windus, _c1950. |
||
| 300 |
_a168 p. ; _c20 cm. |
||
| 600 | 1 | 0 |
_aBentham, Jeremy, _d1748-1832 _956186 |
| 600 | 1 | 0 |
_aColeridge, Samuel Taylor, _d1772-1834 _956187 |
| 942 |
_2ddc _cBK |
||
| 999 |
_c18249 _d18249 |
||